Football players by country - Statistics

General Stats
  • This quiz has been taken 36 times
  • The average score is 15 of 16
Answer Stats
Footballer Country % Correct
Lionel Messi Argentina
100%
Neymar Brazil
100%
Gianluigi Buffon Italy
100%
Arjen Robben Netherlands
100%
Cristiano Ronaldo Portugal
100%
Andrés Iniesta Spain
100%
Luis Suárez Uruguay
100%
Frank Lampard England
97%
Bastian Schweinsteiger Germany
97%
Gareth Bale Wales
97%
Franck Ribéry France
94%
Robert Lewandowski Poland
94%
Eden Hazard Belgium
91%
Arturo Vidal Chile
86%
James Rodríguez Colombia
86%
William Grigg Northern Ireland
71%
No matching quizzes found
Score Distribution
Percent of People with Each Score
Percentile by Number Answered
Your Score History
You have not taken this quiz